[Event "Online Olym Div3 C"]
[Site "Chess.com INT"]
[Date "2020.08.09"]
[Round "7.4"]
[White "Saraci, Nderim"]
[Black "Eid, Fadi"]
[Result "1-0"]
[WhiteElo "2415"]
[BlackElo "2323"]
[PlyCount "71"]
[EventDate "2020.08.07"]
[EventType "team-tourn (rapid)"]
[EventRounds "9"]
[EventCountry "USA"]
[SourceTitle "CBM 198"]
[Source "ChessBase"]
[SourceDate "2020.10.31"]
[SourceVersion "1"]
[SourceVersionDate "2020.10.31"]
[SourceQuality "1"]
[WhiteTeam "Kosovo"]
[BlackTeam "Lebanon"]
[WhiteTeamCountry "KOS"]
[BlackTeamCountry "LBN"]

1. Nf3 Nc6 2. c4 e5 3. Nc3 g6 4. g3 Bg7 5. Bg2 f5 6. 0-0 Nf6 7. d4 e4 8. Ne5 0-0 9. Nxc6 bxc6 10. d5 cxd5 11. Bg5 c6 12. cxd5 Qb6 13. Na4 Qb5 14. dxc6 dxc6 15. Rc1 Be6 16. b3 Rfd8 17. Qc2 Rac8 18. e3 h6 19. Bxf6 Bxf6 20. Rfd1 Rxd1+ 21. Rxd1 Rd8 22. Rxd8+ Bxd8 23. Bf1 Qd5 24. Bc4 Qd6 25. Nc5 Bd5 26. Nb7 Qd7 27. Nxd8 Qxd8 28. Qd2 Qd7 29. Qd4 Qf7 30. h4 Kh7 31. Bxd5 cxd5 32. Qc5 g5 33. hxg5 hxg5 34. Qd6 Kg7 35. b4 Qb7 36. a4 1-0

[Event "Online Olym Div3 C"]
[Site "Chess.com INT"]
[Date "2020.08.07"]
[Round "2.5"]
[White "Eid, Fadi"]
[Black "Kulpruethanon, Thanadon"]
[Result "0-1"]
[WhiteElo "2323"]
[BlackElo "2282"]
[PlyCount "50"]
[EventDate "2020.08.07"]
[EventType "team-tourn (rapid)"]
[EventRounds "9"]
[EventCountry "USA"]
[SourceTitle "CBM 198"]
[Source "ChessBase"]
[SourceDate "2020.10.31"]
[SourceVersion "1"]
[SourceVersionDate "2020.10.31"]
[SourceQuality "1"]
[WhiteTeam "Lebanon"]
[BlackTeam "Thailand"]
[WhiteTeamCountry "LBN"]
[BlackTeamCountry "THA"]

1. e4 c5 2. Nf3 Nc6 3. d4 cxd4 4. Nxd4 g6 5. Nc3 Bg7 6. Be3 Nf6 7. Nxc6 bxc6 8. e5 Ng8 9. Bd4 Qa5 10. Bc4 Bxe5 11. 0-0 Nh6 12. Re1 f6 13. Bxe5 fxe5 14. Qe2 d6 15. Rad1 Nf5 16. Qe4 Bd7 17. a3 Rf8 18. Bb3 Rf6 19. f4 exf4 20. Qxf4 0-0-0 21. Rxe7 Nxe7 22. Qxf6 Nf5 23. Ne4 Kc7 24. g4 Qb6+ 25. Kh1 Qe3 0-1

[Event "Olympiad-43"]
[Site "Batumi"]
[Date "2018.10.01"]
[Round "7.38"]
[White "Nyback, Tomi"]
[Black "Eid, Fadi"]
[Result "1-0"]
[WhiteElo "2579"]
[BlackElo "2328"]
[PlyCount "61"]
[EventDate "2018.09.24"]
[EventType "team-swiss"]
[EventRounds "11"]
[EventCountry "GEO"]
[SourceTitle "CBM 187"]
[Source "ChessBase"]
[SourceDate "2018.12.11"]
[SourceVersion "1"]
[SourceVersionDate "2018.12.11"]
[SourceQuality "1"]
[WhiteTeam "Finland"]
[BlackTeam "Lebanon"]
[WhiteTeamCountry "FIN"]
[BlackTeamCountry "LBN"]

1. d4 Nf6 2. c4 g6 3. Nc3 Bg7 4. e4 d6 5. Be2 0-0 6. Be3 Nc6 7. d5 Nb8 8. Nf3 c5 9. Nd2 Na6 10. 0-0 Nc7 11. f4 Nd7 12. Nf3 b5 13. cxb5 a6 14. a4 axb5 15. axb5 Bb7 16. Qd2 Nf6 17. h3 e6 18. b6 Ncxd5 19. exd5 exd5 20. Rxa8 Bxa8 21. b4 Qe7 22. Rd1 Re8 23. bxc5 dxc5 24. Ne5 d4 25. Bxd4 cxd4 26. Qxd4 Nh5 27. Bxh5 gxh5 28. Nd5 Qb7 29. Rd2 Re6 30. Nc7 Bxe5 31. Qd8+ 1-0

[Event "Olympiad-43"]
[Site "Batumi"]
[Date "2018.09.28"]
[Round "5.37"]
[White "Sadorra, Julio Catalino"]
[Black "Eid, Fadi"]
[Result "1/2-1/2"]
[WhiteElo "2553"]
[BlackElo "2328"]
[PlyCount "166"]
[EventDate "2018.09.24"]
[EventType "team-swiss"]
[EventRounds "11"]
[EventCountry "GEO"]
[SourceTitle "CBM 187"]
[Source "ChessBase"]
[SourceDate "2018.12.11"]
[SourceVersion "1"]
[SourceVersionDate "2018.12.11"]
[SourceQuality "1"]
[WhiteTeam "Philippines"]
[BlackTeam "Lebanon"]
[WhiteTeamCountry "PHI"]
[BlackTeamCountry "LBN"]

1. d4 Nf6 2. Nf3 g6 3. g3 Bg7 4. Bg2 0-0 5. 0-0 d6 6. c4 Nc6 7. Nc3 Bg4 8. d5 Na5 9. Nd2 c5 10. h3 Bd7 11. Qc2 a6 12. b3 b5 13. Bb2 Rb8 14. Rab1 e6 15. e4 bxc4 16. bxc4 Rb4 17. Ba3 Rxc4 18. Nxc4 Nxc4 19. Bc1 Qa5 20. Rb7 exd5 21. exd5 Na3 22. Bxa3 Qxa3 23. Qb3 Qa5 24. Rc1 Bh6 25. Rd1 Re8 26. Bf1 Bg7 27. Rc1 Bh6 28. Rd1 Bg7 29. Rc1 Bh6 30. Rb1 Bd2 31. Ne2 Bb5 32. Qf3 Kg7 33. Nf4 Bxf4 34. Bxb5 axb5 35. Qxf4 Qxa2 36. R7xb5 Qxd5 37. Rb6 Re5 38. Rb8 h5 39. Rd8 g5 40. Qc1 h4 41. gxh4 gxh4 42. Kh2 Rg5 43. Qxg5+ Qxg5 44. Rg1 Qxg1+ 45. Kxg1 d5 46. Kg2 Kg6 47. Kf3 Kf5 48. Rh8 Ke5 49. Rxh4 Ne4 50. Rh8 Kd4 51. h4 Kd3 52. Kf4 c4 53. f3 Nc5 54. h5 c3 55. Rc8 Nd7 56. Kf5 c2 57. h6 Nf8 58. Kf6 Ng6 59. Kxf7 Ne5+ 60. Kg8 Nc4 61. h7 c1Q 62. h8Q Qg5+ 63. Qg7 Qxg7+ 64. Kxg7 Ke3 65. Rf8 d4 66. f4 d3 67. Rd8 Kxf4 68. Rxd3 Ne5 69. Rd1 Kf5 70. Re1 Nf3 71. Rf1 Ke4 72. Kf6 Kf4 73. Ra1 Nd4 74. Ra4 Ke4 75. Kg5 Ke5 76. Kg4 Ke4 77. Ra8 Ne6 78. Ra1 Nd4 79. Re1+ Kd5 80. Kf4 Ne6+ 81. Kf5 Nd4+ 82. Kf4 Ne6+ 83. Kf5 Nd4+ 1/2-1/2

[Event "Olympiad-43"]
[Site "Batumi"]
[Date "2018.09.27"]
[Round "4.69"]
[White "Eid, Fadi"]
[Black "Handjaba, Mclean"]
[Result "1-0"]
[WhiteElo "2328"]
[BlackElo "1956"]
[PlyCount "69"]
[EventDate "2018.09.24"]
[EventType "team-swiss"]
[EventRounds "11"]
[EventCountry "GEO"]
[SourceTitle "CBM 187"]
[Source "ChessBase"]
[SourceDate "2018.12.11"]
[SourceVersion "1"]
[SourceVersionDate "2018.12.11"]
[SourceQuality "1"]
[WhiteTeam "Lebanon"]
[BlackTeam "Namibia"]
[WhiteTeamCountry "LBN"]
[BlackTeamCountry "NAM"]

1. e4 c5 2. Nf3 g6 3. d4 cxd4 4. Nxd4 Bg7 5. Nc3 Nc6 6. Be3 Nf6 7. Nxc6 bxc6 8. e5 Ng8 9. Bd4 Qa5 10. Bc4 e6 11. 0-0 Ne7 12. Ne4 0-0 13. Bc5 Nd5 14. b4 Qd8 15. f4 f5 16. Bxd5 exd5 17. Nd6 a5 18. b5 a4 19. Rb1 Qa5 20. Qd4 cxb5 21. Qxd5+ Kh8 22. Rxb5 Qa6 23. Nf7+ Rxf7 24. Qxf7 h5 25. Qe8+ Kh7 26. Rb6 Qc4 27. Qxg6+ Kg8 28. Qe8+ Kh7 29. Qxh5+ Kg8 30. Qe8+ Kh7 31. Qg6+ Kg8 32. Be7 Ba6 33. Rfb1 Qf7 34. Rb8+ Bc8 35. Qxf7+ 1-0

[Event "Olympiad-43"]
[Site "Batumi"]
[Date "2018.09.24"]
[Round "1.12"]
[White "Giri, Anish"]
[Black "Eid, Fadi"]
[Result "1-0"]
[WhiteElo "2780"]
[BlackElo "2328"]
[PlyCount "55"]
[EventDate "2018.09.24"]
[EventType "team-swiss"]
[EventRounds "11"]
[EventCountry "GEO"]
[SourceTitle "CBM 187"]
[Source "ChessBase"]
[SourceDate "2018.12.11"]
[SourceVersion "1"]
[SourceVersionDate "2018.12.11"]
[SourceQuality "1"]
[WhiteTeam "Netherlands"]
[BlackTeam "Lebanon"]
[WhiteTeamCountry "NED"]
[BlackTeamCountry "LBN"]

1. Nf3 Nc6 2. d4 d5 3. e3 Bg4 4. Bb5 e6 5. Nbd2 Bd6 6. h3 Bh5 7. c4 dxc4 8. Bxc6+ bxc6 9. Qa4 Ne7 10. 0-0 0-0 11. Qxc4 Bg6 12. b3 Qb8 13. Nh4 Qb5 14. Nxg6 Nxg6 15. Bb2 Bb4 16. Ne4 Qxc4 17. bxc4 Be7 18. Rab1 Rfd8 19. Bc3 f5 20. Nc5 Bxc5 21. dxc5 Rd3 22. Rfc1 Rad8 23. Kh2 e5 24. a3 a6 25. Rb7 Rd1 26. Rxd1 Rxd1 27. Rxc7 Rc1 28. Bb4 1-0

[Event "Asia-chT blitz 5th"]
[Site "Ashkhabad"]
[Date "2017.09.27"]
[Round "3.1"]
[White "Annaberdiev, Meilis"]
[Black "Eid, Fadi"]
[Result "0-1"]
[WhiteElo "2496"]
[BlackElo "2338"]
[PlyCount "84"]
[EventDate "2017.09.27"]
[EventType "team-swiss (blitz)"]
[EventRounds "5"]
[EventCountry "TKM"]
[SourceTitle "EXT 2018"]
[Source "ChessBase"]
[SourceDate "2017.10.13"]
[SourceVersion "1"]
[SourceVersionDate "2017.10.13"]
[SourceQuality "1"]
[WhiteTeam "Turkmenistan"]
[BlackTeam "Lebanon"]
[WhiteTeamCountry "TKM"]
[BlackTeamCountry "LBN"]

1. Nf3 Nc6 2. g3 d5 3. Bg2 e5 4. d3 f6 5. c3 Be6 6. Nbd2 Qd7 7. b4 g5 8. b5 Nce7 9. c4 g4 10. Nh4 Ng6 11. Nxg6 hxg6 12. Qc2 Ne7 13. Ba3 0-0-0 14. Rc1 Kb8 15. Bxe7 Qxe7 16. c5 Bh6 17. e3 d4 18. e4 f5 19. c6 b6 20. Qa4 Bxd2+ 21. Kxd2 Qg5+ 22. Kd1 f4 23. Qc2 Qf6 24. a4 Rdf8 25. Rf1 Rxh2 26. a5 Rxg2 27. axb6 cxb6 28. c7+ Kc8 29. Qc6 Bb3+ 30. Ke1 Qxc6 31. Rxc6 fxg3 32. fxg3 Rxf1+ 33. Kxf1 Rxg3 34. Rxg6 Kxc7 35. Rg7+ Kd6 36. Rxa7 Bc2 37. Kf2 Rf3+ 38. Kg2 Bxd3 39. Rb7 Kc5 40. Re7 Kd6 41. Rb7 Bxe4 42. Rxb6+ Kc5 0-1

[Event "Asia-chT blitz 5th"]
[Site "Ashkhabad"]
[Date "2017.09.27"]
[Round "4.1"]
[White "Sadorra, Julio Catalino"]
[Black "Eid, Fadi"]
[Result "1/2-1/2"]
[WhiteElo "2574"]
[BlackElo "2338"]
[PlyCount "89"]
[EventDate "2017.09.27"]
[EventType "team-swiss (blitz)"]
[EventRounds "5"]
[EventCountry "TKM"]
[SourceTitle "EXT 2018"]
[Source "ChessBase"]
[SourceDate "2017.10.13"]
[SourceVersion "1"]
[SourceVersionDate "2017.10.13"]
[SourceQuality "1"]
[WhiteTeam "Philippines"]
[BlackTeam "Lebanon"]
[WhiteTeamCountry "PHI"]
[BlackTeamCountry "LBN"]

1. d4 Nc6 2. Nf3 d5 3. c4 Bg4 4. cxd5 Bxf3 5. gxf3 Qxd5 6. e3 e6 7. Nc3 Qh5 8. f4 Qxd1+ 9. Kxd1 Nf6 10. Bg2 0-0-0 11. Bd2 Ne7 12. Ke2 Nf5 13. Rhc1 Kb8 14. b4 h6 15. Na4 b6 16. Rab1 Nd5 17. Kf1 Nh4 18. Bh1 f5 19. Rb3 g5 20. fxg5 hxg5 21. Rcb1 g4 22. Nc5 Bxc5 23. bxc5 Nf3 24. Ke2 Nxd2 25. Kxd2 Rxh2 26. Bxd5 exd5 27. Ke2 g3 28. Kf3 gxf2 29. Rf1 Rdh8 30. Rxf2 R8h3+ 31. Ke2 Rxf2+ 32. Kxf2 Kb7 33. a4 Kc6 34. Rc3 Kd7 35. cxb6 axb6 36. a5 bxa5 37. Rc5 c6 38. Rxa5 Kd6 39. Ra8 f4 40. exf4 Rd3 41. Ra4 Ke6 42. Ke2 Rc3 43. Ra8 Kf5 44. Kd2 Rf3 45. Rc8 1/2-1/2

[Event "Asia-chT rapid 5th"]
[Site "Ashkhabad"]
[Date "2017.09.25"]
[Round "3.1"]
[White "Eid, Fadi"]
[Black "Hossain, Enamul"]
[Result "1-0"]
[WhiteElo "2338"]
[BlackElo "2432"]
[PlyCount "61"]
[EventDate "2017.09.25"]
[EventType "team-swiss (rapid)"]
[EventRounds "5"]
[EventCountry "TKM"]
[SourceTitle "EXT 2018"]
[Source "ChessBase"]
[SourceDate "2017.10.13"]
[SourceVersion "1"]
[SourceVersionDate "2017.10.13"]
[SourceQuality "1"]
[WhiteTeam "Lebanon"]
[BlackTeam "Bangladesh"]
[WhiteTeamCountry "LBN"]
[BlackTeamCountry "BAN"]

1. e4 c5 2. Nf3 e6 3. d4 cxd4 4. Nxd4 a6 5. Nc3 Qc7 6. a3 Nf6 7. Be3 b5 8. Bd3 Bb7 9. 0-0 d6 10. f4 Be7 11. Qf3 Nbd7 12. Rae1 h5 13. h3 g6 14. Qf2 Nc5 15. Bd2 d5 16. e5 Nfe4 17. Nxe4 Nxe4 18. Bxe4 dxe4 19. Bb4 h4 20. Qe3 Bxb4 21. axb4 Qc4 22. c3 Kf8 23. Rd1 Kg7 24. f5 Raf8 25. Qg5 Rh6 26. Qf6+ Kh7 27. fxe6 e3 28. e7 Re8 29. Qxf7+ Qxf7 30. Rxf7+ Kg8 31. Rdf1 1-0

[Event "Asia-chT rapid 5th"]
[Site "Ashkhabad"]
[Date "2017.09.25"]
[Round "1.1"]
[White "Eid, Fadi"]
[Black "Jumabayev, Rinat"]
[Result "0-1"]
[WhiteElo "2338"]
[BlackElo "2602"]
[PlyCount "60"]
[EventDate "2017.09.25"]
[EventType "team-swiss (rapid)"]
[EventRounds "5"]
[EventCountry "TKM"]
[SourceTitle "EXT 2018"]
[Source "ChessBase"]
[SourceDate "2017.10.13"]
[SourceVersion "1"]
[SourceVersionDate "2017.10.13"]
[SourceQuality "1"]
[WhiteTeam "Lebanon"]
[BlackTeam "Kazakhstan"]
[WhiteTeamCountry "LBN"]
[BlackTeamCountry "KAZ"]

1. e4 c5 2. Nf3 d6 3. d4 cxd4 4. Nxd4 Nf6 5. Nc3 a6 6. Be3 e6 7. Qd2 b5 8. f3 b4 9. Nce2 e5 10. Nb3 Nc6 11. g4 Be6 12. g5 Nh5 13. Ng3 Nf4 14. Bxf4 exf4 15. Qxf4 h6 16. Nf5 hxg5 17. Qe3 Ne5 18. 0-0-0 g6 19. Nfd4 Bd7 20. Kb1 Bg7 21. h4 a5 22. Be2 a4 23. Nc1 a3 24. hxg5 Rxh1 25. Rxh1 Qb6 26. Rh7 Ng4 27. fxg4 Qxd4 28. Qxd4 Bxd4 29. b3 Ra5 30. Bc4 Rxg5 0-1

[Event "Olympiad-42"]
[Site "Baku"]
[Date "2016.09.09"]
[Round "7.1"]
[White "Eid, Fadi"]
[Black "Husbands, Orlando"]
[Result "1/2-1/2"]
[WhiteElo "2354"]
[BlackElo "2257"]
[PlyCount "105"]
[EventDate "2016.09.02"]
[EventType "team-swiss"]
[EventRounds "11"]
[EventCountry "AZE"]
[SourceTitle "CBM 175"]
[Source "ChessBase"]
[SourceDate "2016.11.10"]
[SourceVersion "1"]
[SourceVersionDate "2016.11.10"]
[SourceQuality "1"]
[WhiteTeam "Lebanon"]
[BlackTeam "Barbados"]
[WhiteTeamCountry "LBN"]
[BlackTeamCountry "BAR"]

1. e4 c5 2. Nf3 d6 3. d4 cxd4 4. Nxd4 Nf6 5. Nc3 a6 6. Be3 e5 7. Nb3 Be7 8. f3 Be6 9. Qd2 Nbd7 10. g4 b5 11. g5 Nh5 12. 0-0-0 b4 13. Nd5 Bxd5 14. exd5 a5 15. Bb5 0-0 16. Bc6 a4 17. Na1 Nb6 18. b3 Rb8 19. Kb1 a3 20. Rhg1 Kh8 21. h4 f6 22. g6 f5 23. gxh7 Bxh4 24. Rg6 f4 25. Bg1 Ng3 26. Re6 Nf5 27. c4 bxc3 28. Qxc3 Bf6 29. Qd3 g6 30. Rc1 Ng7 31. Qxg6 Nxe6 32. dxe6 Qe7 33. Be4 Qxe6 34. Bxb6 Rxb6 35. Rg1 Rbb8 36. Rd1 Qe7 37. Nc2 Bg7 38. Rd5 Rf6 39. Qg1 Qc7 40. Nxa3 Qe7 41. Nb5 Rh6 42. a4 Rd8 43. Ka2 Qh4 44. Qb6 Rf8 45. Rxd6 Rxd6 46. Nxd6 Qh2+ 47. Ka3 Qd2 48. Qc7 Bf6 49. Nf7+ Rxf7 50. Qxf7 Be7+ 51. Qxe7 Qb2+ 52. Kb4 Qa3+ 53. Kxa3 1/2-1/2

[Event "LIB-chT"]
[Site "Beirut"]
[Date "2016.07.31"]
[Round "9.4"]
[White "Antonios, Johnny"]
[Black "Eid, Fadi"]
[Result "1-0"]
[WhiteElo "2200"]
[BlackElo "2354"]
[PlyCount "63"]
[EventDate "2016.07.22"]
[EventType "team-tourn"]
[EventRounds "9"]
[EventCountry "LBN"]
[SourceTitle "EXT 2017"]
[Source "ChessBase"]
[SourceDate "2016.10.25"]
[SourceVersion "1"]
[SourceVersionDate "2016.10.25"]
[SourceQuality "1"]
[WhiteTeam "Antranik"]
[BlackTeam "Ansar"]
[WhiteTeamCountry "LBN"]
[BlackTeamCountry "LBN"]

1. e4 Nc6 2. Nf3 d6 3. d4 Nf6 4. Nc3 Bg4 5. d5 Nb8 6. h3 Bxf3 7. Qxf3 g6 8. g4 Bg7 9. Be3 c6 10. 0-0-0 Nfd7 11. Qe2 c5 12. f4 Bxc3 13. bxc3 Qa5 14. Kb2 Na6 15. Bd2 b5 16. e5 0-0 17. e6 Nf6 18. c4 Qb6 19. exf7+ Rxf7 20. cxb5 Nb4 21. Bxb4 cxb4 22. Qc4 a5 23. bxa6 Rff8 24. Qd4 Qa5 25. h4 Rfc8 26. h5 Qa4 27. Rd2 Rc3 28. hxg6 Ra3 29. gxh7+ Kf7 30. g5 Rxa2+ 31. Kb1 b3 32. Qxa4 1-0

[Event "LIB-chT"]
[Site "Beirut"]
[Date "2016.07.24"]
[Round "3.4"]
[White "Zeidan, Mohammad"]
[Black "Eid, Fadi"]
[Result "0-1"]
[WhiteElo "1956"]
[BlackElo "2354"]
[PlyCount "42"]
[EventDate "2016.07.22"]
[EventType "team-tourn"]
[EventRounds "9"]
[EventCountry "LBN"]
[SourceTitle "EXT 2017"]
[Source "ChessBase"]
[SourceDate "2016.10.25"]
[SourceVersion "1"]
[SourceVersionDate "2016.10.25"]
[SourceQuality "1"]
[WhiteTeam "Ahli Saida"]
[BlackTeam "Ansar"]
[WhiteTeamCountry "LBN"]
[BlackTeamCountry "LBN"]

1. e4 Nc6 2. Nf3 d6 3. Nc3 Nf6 4. g3 Bg4 5. Bg2 e5 6. h3 Bh5 7. d3 Be7 8. Be3 d5 9. Bg5 dxe4 10. dxe4 Qxd1+ 11. Rxd1 Bxf3 12. Bxf3 Nd4 13. Rxd4 exd4 14. Nb5 0-0-0 15. Nxa7+ Kb8 16. Nb5 c6 17. Bf4+ Ka8 18. Nc7+ Ka7 19. e5 Ne8 20. Nxe8 Rhxe8 21. Kd2 g5 0-1

[Event "Asia Cup"]
[Site "Abu Dhabi"]
[Date "2016.03.28"]
[Round "1.1"]
[White "Bu, Xiangzhi"]
[Black "Eid, Fadi"]
[Result "1-0"]
[WhiteElo "2724"]
[BlackElo "2352"]
[PlyCount "53"]
[EventDate "2016.03.28"]
[EventType "team-swiss"]
[EventRounds "9"]
[EventCountry "UAE"]
[SourceTitle "CBM 171 Extra"]
[Source "ChessBase"]
[SourceDate "2016.04.26"]
[SourceVersion "1"]
[SourceVersionDate "2016.04.26"]
[SourceQuality "1"]
[WhiteTeam "China"]
[BlackTeam "Lebanon"]
[WhiteTeamCountry "CHN"]
[BlackTeamCountry "LBN"]

1. d4 Nf6 2. c4 g6 3. Nc3 d5 4. cxd5 Nxd5 5. e4 Nxc3 6. bxc3 Bg7 7. Be3 c5 8. Rc1 Qa5 9. Qd2 0-0 10. Nf3 Rd8 11. d5 e6 12. c4 Qxd2+ 13. Nxd2 b6 14. h4 Nd7 15. h5 Re8 16. Be2 exd5 17. cxd5 Nf6 18. hxg6 hxg6 19. Rh4 Bd7 20. Bg5 Nh7 21. Be3 Nf6 22. Bg5 Nh7 23. Be3 Nf6 24. Bf3 g5 25. Bxg5 Nxd5 26. Be3 Nf6 27. Be2 1-0

[Event "Asia zt 3.1"]
[Site "Doha"]
[Date "2013.05.12"]
[Round "9"]
[White "Eid, Fadi"]
[Black "Tamra, Attallah"]
[Result "1-0"]
[WhiteElo "2364"]
[BlackElo "2070"]
[PlyCount "39"]
[EventDate "2013.05.04"]
[EventType "swiss"]
[EventRounds "9"]
[EventCountry "QAT"]
[SourceTitle "CBM 154 Extra"]
[Source "ChessBase"]
[SourceDate "2013.06.25"]
[SourceVersion "2"]
[SourceVersionDate "2013.06.25"]
[SourceQuality "1"]

1. e4 c5 2. Nf3 g6 3. d4 cxd4 4. Nxd4 Nc6 5. Nc3 Bg7 6. Be3 Nf6 7. Nxc6 bxc6 8. e5 Ng8 9. Bd4 f6 10. f4 Qa5 11. exf6 Nxf6 12. Bc4 c5 13. Be5 Bb7 14. 0-0 d6 15. Bxd6 Rd8 16. Re1 Nd5 17. Nxd5 Bd4+ 18. Qxd4 cxd4 19. Rxe7+ Kf8 20. Rd7+ 1-0

[Event "Asia zt 3.1"]
[Site "Doha"]
[Date "2013.05.09"]
[Round "6"]
[White "Eid, Fadi"]
[Black "Al Hajiri, Bader"]
[Result "0-1"]
[WhiteElo "2364"]
[BlackElo "2019"]
[PlyCount "80"]
[EventDate "2013.05.04"]
[EventType "swiss"]
[EventRounds "9"]
[EventCountry "QAT"]
[SourceTitle "CBM 154 Extra"]
[Source "ChessBase"]
[SourceDate "2013.06.25"]
[SourceVersion "2"]
[SourceVersionDate "2013.06.25"]
[SourceQuality "1"]

1. e4 e5 2. Nf3 Nf6 3. Nc3 Nc6 4. a3 a6 5. d4 exd4 6. Nd5 Be7 7. Nxd4 Nxd5 8. exd5 Nxd4 9. Qxd4 0-0 10. Be2 Bf6 11. Qd3 d6 12. 0-0 Re8 13. Bf3 g6 14. Qb3 Be5 15. c3 Bd7 16. g3 b5 17. Bg2 Bg7 18. Be3 Qc8 19. Rfe1 Bh3 20. Bh1 Qf5 21. a4 Qd3 22. axb5 axb5 23. Rxa8 Rxa8 24. Bf3 Re8 25. Qd1 Qc4 26. Qe2 Qb3 27. Qd2 h5 28. Bd1 Qa2 29. b3 Qa5 30. b4 Qa3 31. Bd4 Rxe1+ 32. Qxe1 Bxd4 33. cxd4 Qa1 34. f3 Qxd4+ 35. Kh1 Qxd5 36. Qe8+ Kg7 37. Qe2 Qd4 38. Bc2 Qxb4 39. Qd1 Qc5 40. Qd2 b4 0-1

[Event "Asia zt 3.1"]
[Site "Doha"]
[Date "2013.05.05"]
[Round "2"]
[White "Eid, Fadi"]
[Black "Ahmed, Ali Layth Ahmed"]
[Result "0-1"]
[WhiteElo "2364"]
[BlackElo "2319"]
[PlyCount "109"]
[EventDate "2013.05.04"]
[EventType "swiss"]
[EventRounds "9"]
[EventCountry "QAT"]
[SourceTitle "CBM 154 Extra"]
[Source "ChessBase"]
[SourceDate "2013.06.25"]
[SourceVersion "2"]
[SourceVersionDate "2013.06.25"]
[SourceQuality "1"]

1. e4 c6 2. d3 d5 3. Nd2 e5 4. Ngf3 Bd6 5. g3 Nf6 6. Bg2 0-0 7. 0-0 Nbd7 8. c3 Re8 9. Qc2 a5 10. c4 dxe4 11. Nxe4 Nxe4 12. dxe4 Nc5 13. Be3 Qc7 14. h3 f6 15. b3 b6 16. Rfd1 Bf8 17. Ne1 Ne6 18. Nd3 c5 19. f4 Bb7 20. Qf2 Rad8 21. a3 Nd4 22. Rab1 Rd7 23. Nb2 exf4 24. Bxf4 Bd6 25. Na4 Bxf4 26. gxf4 Bxe4 27. Re1 Rde7 28. Bxe4 Rxe4 29. Rxe4 Rxe4 30. Nc3 Rxf4 31. Qe3 Qe5 32. Qxe5 fxe5 33. Nd5 Rf3 34. b4 Rxa3 35. bxc5 bxc5 36. Rb8+ Kf7 37. Rb7+ Kg6 38. Rc7 Rxh3 39. Rxc5 a4 40. Nb6 a3 41. Ra5 Rb3 42. Nd7 Rb1+ 43. Kg2 Rb2+ 44. Kh3 a2 45. Nxe5+ Kf6 46. Ng4+ Ke6 47. Ra6+ Kf5 48. Ne3+ Ke4 49. Nd5 g5 50. Nc3+ Kf4 51. Nd5+ Ke5 52. Nc3 Rb3 53. Kg4 Rxc3 54. Rxa2 Ne6 55. Ra4 0-1

[Event "Olympiad-40"]
[Site "Istanbul"]
[Date "2012.09.03"]
[Round "6.1"]
[White "Eid, Fadi"]
[Black "Melas, Renos"]
[Result "0-1"]
[WhiteElo "2377"]
[BlackElo "2108"]
[PlyCount "86"]
[EventDate "2012.08.28"]
[EventType "team-swiss"]
[EventRounds "11"]
[EventCountry "TUR"]
[SourceTitle "CBM 151"]
[Source "ChessBase"]
[SourceDate "2012.11.13"]
[SourceVersion "1"]
[SourceVersionDate "2012.11.13"]
[SourceQuality "1"]
[WhiteTeam "Lebanon"]
[BlackTeam "Cyprus"]
[WhiteTeamCountry "LBN"]
[BlackTeamCountry "CYP"]

1. e4 e6 2. d4 d5 3. Nc3 Bb4 4. Nge2 dxe4 5. a3 Be7 6. Nxe4 Nf6 7. Qd3 Nbd7 8. Bf4 Nxe4 9. Qxe4 Nf6 10. Qf3 0-0 11. 0-0-0 Qd5 12. Bxc7 Qxf3 13. gxf3 b5 14. Nc3 Bb7 15. Bg2 b4 16. axb4 Bxb4 17. Ne4 Nd5 18. Bd6 Rfd8 19. Bxb4 Nxb4 20. c3 Nd5 21. Nc5 Bc6 22. f4 Ne7 23. Bxc6 Nxc6 24. f5 exf5 25. Rhe1 Rd5 26. Kc2 a5 27. b3 g5 28. Nd3 Kg7 29. f4 g4 30. Ne5 Nxe5 31. Rxe5 Rxe5 32. dxe5 a4 33. b4 a3 34. Kb3 a2 35. Ra1 Kf8 36. c4 Ke7 37. c5 Kd7 38. b5 Kc7 39. Kc4 h5 40. Kb4 h4 41. Kb3 g3 42. hxg3 hxg3 43. Kc3 g2 0-1